| 000 | 00956cam a22003257a 4500 | ||
|---|---|---|---|
| 001 | 14548293 | ||
| 003 | Nust | ||
| 005 | 20220831124730.0 | ||
| 008 | 060822s2006 ii 000 1 eng | ||
| 010 | _a 2006541467 | ||
| 020 |
_a9780571231188 _cRs. 796 |
||
| 025 | _aI-E-2006-541467; 27 | ||
| 035 | _a(IN-NdUBS)UBS06002040 | ||
| 037 |
_bLibrary of Congress -- New Delhi Overseas Office _cRs650.00 |
||
| 038 | _aArshad | ||
| 040 |
_aDLC _cDLC |
||
| 042 | _alcode | ||
| 050 | 0 | 0 |
_aMLCM 2006/00493 (P) _aPS3553.H27165 |
| 082 |
_a823 _bCHA |
||
| 100 | 1 |
_aChandra, Vikram. _911873 |
|
| 245 | 1 | 0 |
_aSacred games / _cby Vikram Chandra. |
| 260 |
_aNew Delhi : _bPenguin, Viking, _c2006. |
||
| 300 |
_axii, 900 p. ; _c24 cm. |
||
| 500 | _aNovel. | ||
| 650 |
_aOrganized crime _vFiction _911220 |
||
| 650 |
_aGangsters _vFiction _911874 |
||
| 906 |
_a7 _bibc _corigode _d4 _encip _f20 _gy-gencatlg |
||
| 942 |
_2ddc _cBK |
||
| 999 |
_c173352 _d173352 |
||